000 00287nam a22001217a 4500
020 _a978-1-84535-414-5
082 _a823
_bTHO/B
100 _aTHOMSON
245 _aBOUNCE BOUNCE
_bBEANO ANNUAL 2011
260 _aLONDON
_bTHOMSON & CO
650 _aENGLISH SHORT STORY
_zLONDON
942 _cBK
999 _c3074
_d3074